00653nam a22001937a 450000500170000001000150001702000260003203500140005803700130007208200150008510000140010024501170011426000910023127000490032230000400037170000160041170000150042770000170044220220401123217.0 aENG-132117 a978190343053c4500.00 aEN-115649 bDBAD/PUB a588.095483 aMufeed, B aBryophytes of Anamudi shola National park in western Ghats of Kerala, india/cB Mufeed, C.N. Manju & K.P. Rajesh aKeralabCenter for Research in Indigenous knowledge , scinece & Culture(CRIKSC)c2021 aD - 37 , Jawahar Nagar , Kozhikodebkerala,  axiii, 458pc24cm(hbk)bBibliography aManju, C.N. aMufeed, B. aRajesh, K.P.